Глобальный и стохастический анализ в задачах математической физики

Opis bibliograficzny
1. autor: Гликлих Ю. Е. Юрий Евгеньевич
Streszczenie:В настоящей книге с единых позиций рассматриваются задачи математической физики, традиционно считающиеся далекими друг от друга: механика на нелинейных конфигурационных пространствах (в частности, со связями, с разрывными и случайными силами и др.), некоторые задачи квантовой и статистической физики, гидродинамики и т. д. Объединяющей идеей является задание уравнения движения в виде геометрически инвариантной формы второго закона Ньютона или его прямых аналогов — стохастических, многозначных, бесконечномерных и пр. На зтой основе удается создать некоторые единые подходы, модификация которых в конкретном случае позволяет разработать схожие методы исследования. Книга содержит большой предварительный материал из глобального и стохастического анализа, многозначного анализа, анализа на группах диффеоморфизмов и др.. что делает ее доступной для широкого круга исследователей.
Język:rosyjski
Wydane: Москва, Либроком, 2011
Wydanie:2-е изд.
Hasła przedmiotowe:
Format: Książka
KOHA link:https://koha.lib.tpu.ru/cgi-bin/koha/opac-detail.pl?biblionumber=209209

MARC

LEADER 00000nam0a2200000 4500
001 209209
005 20231101225524.0
010 |a 9785397021654 
035 |a (RuTPU)RU\TPU\book\228532 
090 |a 209209 
100 |a 20120210d2011 k y0rusy50 ca 
101 0 |a rus 
102 |a RU 
105 |a a z 001zy 
200 1 |a Глобальный и стохастический анализ в задачах математической физики  |f Ю. Е. Гликлих 
205 |a 2-е изд. 
210 |a Москва  |c Либроком  |d 2011 
215 |a 414 с.  |c ил. 
320 |a Библиогр.: с. 394-407. 
320 |a Предметный указатель: с. 408-414. 
330 |a В настоящей книге с единых позиций рассматриваются задачи математической физики, традиционно считающиеся далекими друг от друга: механика на нелинейных конфигурационных пространствах (в частности, со связями, с разрывными и случайными силами и др.), некоторые задачи квантовой и статистической физики, гидродинамики и т. д. Объединяющей идеей является задание уравнения движения в виде геометрически инвариантной формы второго закона Ньютона или его прямых аналогов — стохастических, многозначных, бесконечномерных и пр. На зтой основе удается создать некоторые единые подходы, модификация которых в конкретном случае позволяет разработать схожие методы исследования. Книга содержит большой предварительный материал из глобального и стохастического анализа, многозначного анализа, анализа на группах диффеоморфизмов и др.. что делает ее доступной для широкого круга исследователей. 
606 1 |a Математическая физика  |2 stltpush  |3 (RuTPU)RU\TPU\subj\41221  |9 61028 
610 1 |a глобальный анализ 
610 1 |a стохастический анализ 
610 1 |a многообразия 
610 1 |a римановы метрики 
610 1 |a тензоры 
610 1 |a дифференциальные формы 
610 1 |a производная Ли 
610 1 |a связности 
610 1 |a обыкновенные дифференциальные уравнения 
610 1 |a геодезическая струя 
610 1 |a многообразные отображения 
610 1 |a диффеоморфизмы 
610 1 |a линейные пространства 
610 1 |a производные 
610 1 |a геометрические методы 
610 1 |a стохастические методы 
610 1 |a геометрический формализм 
610 1 |a ньютонова механика 
610 1 |a задача о точках достижимости 
610 1 |a общая теория относительности 
610 1 |a стохастическая механика 
610 1 |a гидродинамика 
675 |a 53:51  |v 3 
700 1 |a Гликлих  |b Ю. Е.  |g Юрий Евгеньевич 
801 1 |a RU  |b 63413507  |c 20120210 
801 2 |a RU  |b 63413507  |c 20120413  |g RCR 
942 |c BK 
959 |a 22/20120210  |d 1  |e 342,87  |f ЧЗТЛ:1